| 000 | 00613nam a22001817a 4500 | ||
|---|---|---|---|
| 999 |
_c15661 _d15661 |
||
| 003 | AR-CdUCM | ||
| 008 | 190429b ||||| |||| 00| 0 spa d | ||
| 040 |
_aMUNICIPALIDAD PROVINCIAL DEL CUSCO _cBIBLIOTECA MUNICIPAL DEL CUSCO |
||
| 082 |
_aC / 051.98 / _bC960 |
||
| 245 |
_aCuadernos populares : _bEl problema de la salud / |
||
| 260 |
_aLima : _bCIDEP, |
||
| 300 |
_a40 páginas ; _c22 cm. |
||
| 440 |
_aCuadernos populares _n0 _934805 |
||
| 505 | _aEconomia -- Vivienda -- Alimentación -- Salud -- Hospitales -- Clínicas... | ||
| 650 |
_aProblema de salud. _934806 |
||
| 942 |
_2ddc _cFOLLETOS |
||
| 945 | _awfj | ||